Requsitoires de Fouquier-Tinville / (Record no. 64825)

MARC details
000 -LEADER
campo de control de longitud fija 00618nam a2200169 i 4500
001 - NÚMERO DE CONTROL
campo de control 64825
003 - IDENTIFICADOR DE NÚMERO DE CONTROL
campo de control ES-MaACL
005 - FECHA Y HORA DE LA ÚLTIMA TRANSACCIÓN
campo de control 20230906165224.0
007 - CAMPO FIJO DE DESCRIPCIÓN FÍSICA--INFORMACIÓN GENERAL
campo de control de longitud fija t|
008 - DATOS DE LONGITUD FIJA--INFORMACIÓN GENERAL
campo de control de longitud fija 040105s1911 fr ||||1| fre d
100 1# - ENTRADA PRINCIPAL--NOMBRE DE PERSONA
Nombre de persona Fouquier-Tinville, Antoine-Quentin.
9 (RLIN) 51952
245 10 - MENCIÓN DEL TÍTULO
Título Requsitoires de Fouquier-Tinville /
Mención de responsabilidad, etc. publies d'apres les origniaux conserves aux Archives Nationales ; avec une introduction des notes et des commentaires par HectorFleixhmann.
260 ## - PUBLICACIÓN, DISTRIBUCIÓN, ETC.
Lugar de publicación, distribución, etc. París :
Nombre del editor, distribuidor, etc. [s.n.,
Fecha de publicación, distribución, etc. 1911] (
Fabricante L. Maretheux)
300 ## - DESCRIPCIÓN FÍSICA
Extensión XXX, 336 p. ;
Dimensiones 19 cm.
700 1# - ENTRADA AGREGADA--NOMBRE PERSONAL
Nombre de persona Fleixhmann, Hector.
9 (RLIN) 51166
852 ## - LOCALIZACIÓN
Ubicación ES-MaACL
Número de control de estantería F-1066
Holdings
Estatus retirado Estado de pérdida Estado de daño No para préstamo Biblioteca de origen Biblioteca actual Ubicación en estantería Fecha de adquisición Fuente de adquisición Total de préstamos Signatura topográfica completa Código de barras Visto por última vez Precio de reemplazo Tipo de ítem Koha
        Biblioteca del Ateneo de Madrid Biblioteca del Ateneo de Madrid Depósito 2 17/01/2008     F-1066 1067921 23/02/2023 23/02/2023 Libro impreso